Οδεύοντας προς την πατρότητα : εξιχνίαση μιας παραγνωρισμένης πορείας

Αποθηκεύτηκε σε:
Λεπτομέρειες βιβλιογραφικής εγγραφής
Κύριος συγγραφέας: Δραγώνα, Θάλεια Γ.
Άλλοι συγγραφείς: Ναζίρη, Δέσποινα
Μορφή: Βιβλίο
Γλώσσα:Greek
Δημοσίευση: Αθήνα : Έξαντας, 1995.
Σειρά:Τρίαψις λόγος Β' (Εξάντας)
Θέματα:
Ετικέτες: Προσθήκη ετικέτας
Δεν υπάρχουν, Καταχωρήστε ετικέτα πρώτοι!

MARC

LEADER 00000cam a2200000 i 4500
001 1/18364
008 120313s1995 gr | ||| |||| ||gre||
020 |a 9602562552 
035 |l 10112046 
040 |a GR-MY-UA  |b gre  |e aacr 
041 0 |a gre 
082 7 |a 306.8742   |2 (22) 
100 1 |a Δραγώνα, Θάλεια Γ. 
245 1 0 |a Οδεύοντας προς την πατρότητα :   |b εξιχνίαση μιας παραγνωρισμένης πορείας /   |c Θάλεια Δραγώνα, Δέσποινα Ναζίρη.  
260 |a Αθήνα :   |b Έξαντας,   |c 1995.  
300 |a 380 σ. ;   |c 21 εκ. 
490 1 |a (Τρίαψις λόγος Β' / Εξάντας) 
500 |a Εκδοση με τη βοήθεια του Ιδρύματος Ερευνών για το Παιδί "Σπύρος Δοξιάδης".  
650 0 0 |a Fatherhood. 
650 0 0 |a Father and child. 
700 1 |a Ναζίρη, Δέσποινα. 
830 0 |a Τρίαψις λόγος Β' (Εξάντας) 
852 |a INST  |b LESVOS  |e 20120313  |h 306.8742 ΔΡΑ  |p 005100050649  |q 005100050649  |t BK  |y 0 
901 |a BIBL1-2012-1 
909 |a Λ  |b 173563 
922 |a 1ΕΛΗ 
970 |a ΚΑΜΑΤΣΟΥ  |b ΔΕΣΠΟΙΝΑ  |z 2012/03/13